Équipes nationales de football numéros 1 mondiales - Statistiques

Statistiques générales
  • Ce quiz a été pris 1 086 fois
  • Le résultat moyen est 7 sur 8
Statistiques - réponses
Date Équipe % Correct
16 mai 2001 France
100%
14 mars 2007 Argentine
98%
23 septembre 1993 Brésil
98%
2 juillet 2008 Espagne
97%
31 décembre 1992 Allemagne
96%
19 novembre 1993 Italie
93%
5 novembre 2015 Belgique
85%
24 août 2011 Pays-Bas
75%
Aucun quiz correspondant
Distribution des résultats
% des personnes avec chaque résultat
Percentile par nombre de réponses
Votre historique - résultats
Vous n’avez pas pris ce quiz